Loading...
| History - World History | 0 | 3 | 0 | 2 | 30 | 117 | 119.00 | 0 | 3 |
| Beliefs | 0 | 3 | 0 | 1 | 30 | 118 | 127.33 | 1 | 3 |
| History - European History | 0 | 3 | 0 | 0 | 30 | 79 | 103.00 | 0 | 3 |
| History - American History | 1 | 1 | 0 | 0 | 25 | 48 | 60.50 | 1 | 2 |
| Science - Biology | 1 | 1 | 0 | 1 | 25 | 57 | 90.50 | 1 | 2 |
| Social Science | 0 | 2 | 0 | 0 | 20 | 102 | 110.50 | 0 | 2 |
| Science - Chemistry | 0 | 1 | 0 | 0 | 10 | 91 | 91.00 | 1 | 1 |
| Geography | 0 | 1 | 0 | 1 | 10 | 115 | 115.00 | 0 | 1 |
| History - Other History | 0 | 1 | 0 | 0 | 10 | 100 | 100.00 | 1 | 1 |
| Other Academic | 0 | 1 | 0 | 0 | 10 | 94 | 94.00 | 0 | 1 |
| Science - Physics | 0 | 1 | 0 | 0 | 10 | 119 | 119.00 | 0 | 1 |
| Auditory Arts | 0 | 1 | 1 | 1 | 5 | 131 | 131.00 | 1 | 1 |
| Philosophy | 0 | 1 | 1 | 0 | 5 | 118 | 118.00 | 1 | 1 |
| Visual Arts | 0 | 0 | 0 | 0 | 0 | 0.00 | 0 | 0 |